书目信息 |
| 题名: |
王老师和小学生谈作文
|
|
| 作者: | 王有声 著 | |
| 分册: | ||
| 出版信息: | 石家庄 河北人民出版社 1978 |
|
| 页数: | 250页 | |
| 开本: | 19cm | |
| 丛书名: | ||
| 单 册: | ||
| 中图分类: | H052 | |
| 科图分类: | ||
| 主题词: | 作文--小学--教学参考资料 , 写作学 , 修辞学 | |
| 电子资源: | ||
| ISBN: | ||
| 000 | 00682nam0 2200253 45 | |
| 001 | 0178004810 | |
| 005 | 20060510165331.67 | |
| 010 | @dCNY0.47 | |
| 091 | @a7086.965 | |
| 100 | @a19950717d1978 cemy0chiy0121 ea | |
| 101 | 0 | @achi |
| 102 | @aCN@b130000 | |
| 105 | @ay z 000yy | |
| 200 | 10 | @a王老师和小学生谈作文@Awang lao shi he xiao xue sheng tan zuo wen@f王有声著@Fwang you sheng zhu |
| 205 | @a2版 | |
| 210 | @a石家庄@c河北人民出版社@d1978 | |
| 215 | @a250页@d19cm | |
| 606 | @a作文@x小学@x教学参考资料 | |
| 606 | 0 | @a写作学 |
| 606 | 0 | @a修辞学 |
| 690 | @aH052@v4 | |
| 701 | 0 | @a王有声@Awang you sheng@4著 |
| 801 | 0 | @aCN@bTSSF@c20060510 |
| 905 | @a10447@dH052@e1 | |
| 王老师和小学生谈作文/王有声著.-2版.-石家庄:河北人民出版社,1978 |
| 250页;19cm |
| ISBN :CNY0.47 |
| ● |
| 相关链接 |
|
|
|
|
正题名:王老师和小学生谈作文
索取号:H052/1
 
预约/预借
| 序号 | 登录号 | 条形码 | 馆藏地/架位号 | 状态 | 备注 |
| 1 | 0005933 | 202159092 | 密集书库/ [索取号:H052/1] | 在馆 |